Theory of textile structure

Saved in:
Bibliographic Details
Main Author: OVERHOLSER, Clifton G
Format: Book
Language:English
Published: Random Publications 2013
Tags: Add Tag
No Tags, Be the first to tag this record!

MARC

LEADER 00000nam a22000007a 4500
008 201214b ||||| |||| 00| 0 eng d
020 |a 978-93-5111-100-9 
100 |a OVERHOLSER, Clifton G 
245 |a Theory of textile structure  |c Clifton G. Overholser  |g . 284p.; ill. 
260 |b Random Publications  |c 2013  |h New Delhi  |i 691608   |i 691609  |l TS1540 .Ov2  |m Textile fibers. 
500 |a It includes index 
942 |a lcc  |c BK  |e Kuteyi, M. A.  |f 14/12/2020 
952 |0 0  |1 0  |2 lcc  |4 0  |6 TS1540 O V2  |7 0  |9 430  |a HOL  |b AG  |d 2020-12-14  |l 0  |o TS1540 .Ov2  |p 2020-2160  |r 2020-12-14 00:00:00  |w 2020-12-14  |y BK 
952 |0 0  |1 0  |2 lcc  |4 0  |6 TS1540 O V2  |7 0  |9 431  |a HOL  |b HOL  |d 2020-12-14  |l 0  |o TS1540 .Ov2  |p 2020-2161  |r 2020-12-14 00:00:00  |w 2020-12-14  |y BK 
999 |c 215  |d 215